Statistics for Top 10 Social Media Platforms

Click here to take the quiz!

General Stats

  • This quiz has been taken 76 times
  • The average score is 7 of 10

Answer Stats

Answer% Correct
Facebook
98%
Instagram
98%
TikTok
89%
Twitter
88%
YouTube
86%
Snapchat
80%
WhatsApp
58%
Reddit
39%
Pinterest
38%
LinkedIn
27%

Score Distribution

Percentile by Number Answered

Percent of People with Each Score

Your Score History

You have not taken this quiz